Malá ilustrovaná školská encyklopédia vyše 500 otázok a odpovedí

Bibliographic Details
Main Author: Charman, Andy, 1963- (Author)
Other Authors: Masárová, Eva (Translator)
Format: Book
Language:Slovak
English
PhysicalDescription:320 s. fareb. ilustr. 23 cm
Published: Bratislava Matys 2011
ISBN:9788080882914
Edition:1. vyd.
Subjects:

MARC

LEADER 00000cam a2200000 a 4500
001 vtls010332467
003 SK-MaSNL
005 20260301095922.0
008 150827 xo a j 001 0 slo
015 |a SNBA2012/04-02188 
020 |a 9788080882914 
035 |a 3075619E-786A-40E1-A73D-E16F71A7C3A4 
035 |a urn:nbn:sk:snk-amjjgo 
035 |a urn:nbn:sk:snk-am002brz 
040 |a SNK  |b slo  |c SNK  |e AACR2 
041 1 |a slo  |h eng 
044 |a xo  |c SK 
072 7 |a 00  |x Veda. Všeobecnosti. Základy vedy a kultúry. Vedecká práca  |2 konspekt 
072 7 |a 0/9-053.2  |x Literatúra pre deti a mládež (náučná)  |2 konspekt 
080 |a 0/9  |2 2001 
080 |a (031)  |2 2001 
080 |a (0.053.2)  |2 2001 
245 0 0 |a Malá ilustrovaná školská encyklopédia  |b vyše 500 otázok a odpovedí  |c [spoluautori: Andrew Charman ... [et al.] ; preklad Eva Masárová] 
250 |a 1. vyd. 
260 |a Bratislava  |b Matys  |c 2011 
300 |a 320 s.  |b fareb. ilustr.  |c 23 cm 
500 |a Pravdepodobne preložené z angličtiny 
504 |a Reg. 
650 0 7 |a všeobecné vedomosti  |2 SNKPH  |9 4163 
650 0 7 |a General knowledge  |2 SNKPHeng  |9 100175 
655 7 |a encyklopédie  |2 SNKPH  |9 28776 
655 7 |a publikácie pre deti  |2 SNKPH  |9 70148 
655 7 |a Encyclopedias  |2 SNKPHeng  |9 90422 
655 7 |a Children's literaturei  |2 SNKPHeng  |9 432002 
700 1 |a Charman, Andy,  |d 1963-  |4 aut  |9 432003 
700 1 |a Masárová, Eva  |4 trl  |9 432004 
919 |a 978-80-8088-291-4 
958 |a OP 
958 |a DB 
968 |b ENG  |d 0; 
999 |c 684539  |d 686469 
952 |a SNK  |b SNK  |y PREZ  |7 0  |p 17A0880017  |o snkSC 148716  |i snk2012/5923  |8 0  |0 0  |1 0  |4 0  |d 2012-03-08  |l 0  |r 2025-07-17 00:00:00  |w 2026-02-23 
952 |a SNK  |b SNK  |y VYP  |7 0  |p 17A0880018  |o snkSC 148716 D1  |i snk2012/5924  |8 0  |0 0  |1 0  |4 0  |d 2012-03-08  |f 1  |l 0  |r 2026-02-23 20:08:29  |w 2026-02-23